Score 0/12 Timer 02:00
3 Plays Today
Clue Word % Correct
Last name of 'Tonight Show' host who retired in 2014LENO
92.9%
Timespan consisting of seven daysWEEK
92.4%
Any undesirable or troublesome plantWEED
89.3%
To join with a blowtorchWELD
83.2%
To look or glance quickly or furtivelyPEEK
82.1%
Type of fruit with varieties like anjou & boscPEAR
80.1%
Person who is equal to another in abilitiesPEER
78.1%
Last name of former US Attorney GeneralRENO
70.1%
To fix something that is broken or unuseableMEND
66.8%
Announce & display a card hand for a scoreMELD
63.2%
To split or divide, often violentlyREND
59.5%
Last name of a former 'Tonight Show' hostPAAR
39.3%

Today's Daily Dose

You're not logged in!

Compare scores with friends on all Sporcle quizzes.
OR
Log In

Sporcle TV

Today on Sporcle TV


Watch our educational content, quiz creation guides, and fun videos on Sporcle TV.

Show Comments

Extras

Top Quizzes Today


Score Distribution

Your Account Isn't Verified!

In order to create a playlist on Sporcle, you need to verify the email address you used during registration. Go to your Sporcle Settings to finish the process.

Report this User

Report this user for behavior that violates our Community Guidelines.

Details: